000 00763nam a22002177a 4500
003 UA-OsUOA
001 87460
007 ta
008 20120919b un ||||| |||| 00| 0 ukr d
100 _aШевченко З.
090 _a82
_bШ37
942 _cSA
040 _aUA-OsUOA
_bukr
_cUA-OsUOA
_dUA-OsUOA
245 _aЗагальнокультурна основа вивчення драматичних творів І. Котляревського на факультативних заняттях
300 _aС.33-36
955 _a0
041 _aukr
080 _a82
773 0 _w87457
_tУкраїнська мова і література в школі
_dК.
_d2012
_g5
650 7 _a82 Література. Літературознавство
_2UDC
999 _c373783
_d373783